| 000 | 01351nam0a2200313 i 4500 | ||
|---|---|---|---|
| 001 | RU\NLR\BIBL_A\010531572 | ||
| 005 | 20241103131027.0 | ||
| 010 |
_a9785916720556 _91000 |
||
| 021 |
_aRU _b2014-68068 _94169 |
||
| 035 | _a(NILC)RuMoRGB-007551689 | ||
| 035 | _a(NLR Aleph) 010531572 | ||
| 090 |
_a10259390 _c10259390 |
||
| 100 | _a20141117d2014 k y0rusy50 ca | ||
| 101 | 0 | _arus | |
| 102 | _aRU | ||
| 105 | _ay|||z|||000yy | ||
| 200 | 1 |
_aГосударственное управление хозяйственными процессами: между сдерживанием и подталкиванием _eмонография _fК. К. Чарахчян |
|
| 210 |
_aМосква _cЦентральное изд-во учебно-методической и научной литературы _d2014 |
||
| 215 |
_a175 с. _d20 |
||
| 320 | _aБиблиогр. в подстроч. примеч. | ||
| 606 |
_aРыночная экономика _xГосударственное регулирование _yРоссийская Федерация _92079278 _3RU\NLR\AUTH\661255155 |
||
| 686 | 1 | _aУ9(2)-17(2Р) | |
| 686 | 1 | _aУ21(2Р) | |
| 700 | 1 |
_aЧарахчян _bК. К. _gКонстантин Каренович |
|
| 801 | 0 |
_aRU _bРГБ _c20140912 _gRCR |
|
| 942 | _cBOOK | ||
| 980 | _aNBR | ||